Royal Rumble Winners! - Statistics

General Stats
  • This quiz has been taken 8 times
  • The average score is 36 of 45
Answer Stats
Year Answer % Correct
2003 Brock Lesnar
100%
2022 (Mens) Brock Lesnar
100%
2020 (Womens) Charlotte Flair
100%
2023 (Mens) Cody Rhodes
100%
2024 (Mens) Cody Rhodes
100%
2010 Edge
100%
2021 (Mens) Edge
100%
1990 Hulk Hogan
100%
1991 Hulk Hogan
100%
1992 Rick Flair
100%
2019 (Mens) Seth Rollins
100%
2002 Triple H
100%
2016 Triple H
100%
2005 Batista
88%
2014 Batista
88%
2019 (Womens) Becky Lynch
88%
1988 Jim Duggan
88%
2015 Roman Reigns
88%
1995 Shawn Michaels
88%
1996 Shawn Michaels
88%
1997 Stone Cold Steve Austin
88%
1998 Stone Cold Steve Austin
88%
2001 Stone Cold Steve Austin
88%
2007 The Undertaker
88%
1999 Vince McMahon
88%
2020 (Mens) Drew Mcintyre
75%
2008 John Cena
75%
2013 John Cena
75%
2009 Randy Orton
75%
2017 Randy Orton
75%
2006 Rey Mysterio
75%
2018 (Mens) Shinsuke Nakamura
75%
2000 The Rock
75%
2011 Alberto Del Rio
63%
2018 (Womens) Asuka
63%
2024 (Womens) Bayley
63%
1994 Bret Hart
63%
2004 Chris Benoit
63%
2023 (Womens) Rhea Ripley
63%
1993 Yokozuna
63%
2021 (Womens) Bianca Belair
50%
1989 Big John Studd
50%
2012 Sheamus
50%
1994 Lex Luger
38%
2022 (Womens) Ronda Rousey
38%
No matching quizzes found
Score Distribution
Percent of People with Each Score
Percentile by Number Answered
Your Score History
You have not taken this quiz